00616pab a2200169 454500008004000000100001700040245016900057260000900226300001500235362000800250650001000258650002300268773002000291909001100311999001900322952010500341180718b2017 xxu||||| |||| 00| 0 eng d aBakir, Caner aHow can interactions among interdependent structures, institutions, and agents inform financial stability?: What we have still to learn from global financial crisis c2017 ap.217-239. aJun aBanks aEconomic recession aPolicy Sciences a115058 c115052d115052 00104070aIIPAbIIPAd2018-07-19hVolume no: 50, Issue no: 2pAR115518r2018-07-19w2018-07-19yAR